| 000 | 00384nam a22001457a 4500 | ||
|---|---|---|---|
| 999 |
_c529581 _d529581 |
||
| 003 | NUST | ||
| 020 |
_a8124202524 _qH/B. |
||
| 038 | _awaseem | ||
| 082 |
_a025 _bKHA |
||
| 100 |
_aKhanna, J.K. _921905 |
||
| 245 |
_aHandbook Research in Library and Information Science / _cJ.K. Khanna |
||
| 260 |
_aNew Delhi : _bCrest Publishing House, _c2001. |
||
| 300 | _a488 p. ; | ||
| 942 |
_2ddc _cBK |
||